[Event "Nordic School-chT U14"]
[Site "Oslo"]
[Date "2016.09.10"]
[Round "3.23"]
[White "Natvig, Kristian"]
[Black "Vatn, Martin"]
[Result "0-1"]
[WhiteElo "1500"]
[BlackElo "1251"]
[PlyCount "71"]
[EventDate "2016.09.09"]
[EventType "team-swiss"]
[EventRounds "5"]
[EventCountry "NOR"]
[SourceTitle "CBM 174 Extra"]
[Source "ChessBase"]
[SourceDate "2016.10.10"]
[SourceVersion "1"]
[SourceVersionDate "2016.10.10"]
[SourceQuality "1"]
[WhiteTeam "Korsvoll School"]
[BlackTeam "Vasteras Jensen School"]
[WhiteTeamCountry "DEN"]
[BlackTeamCountry "SWE"]

1. e4 c5 2. Nf3 d6 3. d4 cxd4 4. Nxd4 Nf6 5. Nc3 g6 6. Be3 Bg7 7. Bc4 Nc6 8. h3 Bd7 9. 0-0 0-0 10. Qd2 Nh5 11. Nce2 Ne5 12. Bb3 Qc8 13. Kh2 Nc6 14. c3 Ne5 15. f4 Nc4 16. Bxc4 Qxc4 17. g4 Nf6 18. Ng3 e5 19. b3 Qc7 20. fxe5 dxe5 21. Nf3 Bc6 22. Qc2 Nd7 23. Rad1 Nf6 24. Rd2 Nxe4 25. Nxe4 Bxe4 26. Qxe4 f5 27. Qd5+ Kh8 28. Ng5 e4+ 29. Bf4 Qxc3 30. Nf7+ Rxf7 31. Qxf7 e3 32. Re2 Qd3 33. Rfe1 Qe4 34. Bxe3 Be5+ 35. Kg1 fxg4 36. hxg4 0-1

[Event "NOR-ch U12"]
[Site "Oslo"]
[Date "2015.07.04"]
[Round "8"]
[White "Natvig, Kristian"]
[Black "Sathre, Magnus"]
[Result "1-0"]
[WhiteElo "1080"]
[BlackElo "715"]
[PlyCount "49"]
[EventDate "2015.07.04"]
[EventType "swiss"]
[EventRounds "9"]
[EventCountry "NOR"]
[SourceTitle "EXT 2017"]
[Source "ChessBase"]
[SourceDate "2016.10.25"]
[SourceVersion "1"]
[SourceVersionDate "2016.10.25"]
[SourceQuality "1"]

1. e4 c5 2. Nf3 e6 3. d4 cxd4 4. Nxd4 Nc6 5. Be3 Nf6 6. Nd2 Be7 7. c3 0-0 8. Qc2 b6 9. Bd3 e5 10. Nxc6 dxc6 11. h3 Qc7 12. 0-0 Bb7 13. f4 exf4 14. Bxf4 Bd6 15. Bxd6 Qxd6 16. Rae1 Rfe8 17. Nc4 Qc5+ 18. Kh1 h6 19. e5 Nd5 20. Bh7+ Kf8 21. Nd6 Re7 22. Qg6 Nf6 23. exf6 Qxd6 24. fxg7+ Ke8 25. Qxd6 1-0